000
00294nam a22001337a 4500
008
181107b xxu||||| |||| 00| 0 eng d
020
_a
047182769-X
041
_a
eng
080
_2
2nd
_a
530
100
_a
43
101
_a
FIZ
245
_a
Fundamentals Physics
_c
Halliday,D
942
_2
udc
_c
BK
999
_c
52122
_d
52122